Statistiche per Città e Regioni - Quiz n°17

Clicka qui per fare il quiz!

Statistiche generali

  • Questo quiz è stato fatto 34 volte
  • Il punteggio medio è 9 su 10

Statistiche sulle risposte

HintRisposta% Corretto
CremonaLombardia
100%
TarantoPuglia
100%
BariPuglia
100%
IglesiasSardegna
96%
VeronaVeneto
96%
ModenaEmilia-Romagna
92%
FaenzaEmilia-Romagna
83%
PistoiaToscana
83%
San Vito al TagliamentoFriuli-Venezia Giulia
63%
RivoliPiemonte
54%

Distribuzione punteggi

Percentile per numero di risposta

Percentuale di utenti per punteggio

I tuoi punteggi nel tempo

Non hai fatto questo quiz